logo

Bir Sreshtho Munshi Abdur Rouf Library
Jhenaidah Cadet College

তারিখে ইসলাম / (Record no. 6406)

MARC details
000 -LEADER
fixed length control field 00600nam a2200241 a 4500
001 - CONTROL NUMBER
JCCL Control Number 6406
003 - CONTROL NUMBER IDENTIFIER
JCCL marc code BD-JhCC
005 - DATE AND TIME OF LATEST TRANSACTION
control field 20180418183323.0
008 - FIXED-LENGTH DATA ELEMENTS--GENERAL INFORMATION
fixed length control field 180122s1949 b |||| || | 00| 0 eng d
035 ## - SYSTEM CONTROL NUMBER
system control number (BD-JhCC)6406
040 ## - CATALOGING SOURCE
Original cataloging agency BD-JhCC
Modifying agency BD-JhCC
041 ## - LANGUAGE CODE
Language code of Book eng
082 ## - DEWEY DECIMAL CLASSIFICATION NUMBER
Classification number 297.09
Author mark and Year SHA 1949
100 ## - MAIN ENTRY--PERSONAL NAME
Personal name Shawk, Abdur Rahman
245 ## - TITLE STATEMENT
Title তারিখে ইসলাম /
Statement of responsibility, etc Abdur Rahman Shawk,
250 ## - EDITION STATEMENT
Edition statement 22th ed.
260 ## - PUBLICATION, DISTRIBUTION, ETC. (IMPRINT)
Place of publication, distribution, etc Dhaka :
Name of publisher, distributor, etc Ikbal Book Deepo,
Date of publication, distribution, etc 1949.
300 ## - PHYSICAL DESCRIPTION
Pagination 960 p. :
Dimensions 23 cm.
650 ## - SUBJECT ADDED ENTRY--TOPICAL TERM
Topical term or geographic name as entry element Islam
650 ## - SUBJECT ADDED ENTRY--TOPICAL TERM
Topical term or geographic name as entry element History
942 ## - ADDED ENTRY ELEMENTS (KOHA)
Source of classification or shelving scheme Dewey Decimal Classification
Koha item type Books
Holdings
Source of classification or shelving scheme Damaged status Not for loan Home library Current library Shelving location Cost, normal purchase price Total Checkouts Full call number Barcode Date last seen Copy number Koha item type
Dewey Decimal Classification     JCC Rouf Library JCC Rouf Library General Stacks 10.00   297.09 SHA 1949 668 01/22/2018 C-1 Books

JCC Library | Contacts | JCC Home

Last Update on 23 September 2017
Copyright @ 2017-2020 JCC Rouf Library
Rouf Library, Jhenidah Cadet College (JCC), Bangladesh